Darkness falls. (Record no. 1347907)

MARC details
000 -LEADER
fixed length control field 00432nam a2200181Ia 4500
008 - FIXED-LENGTH DATA ELEMENTS--GENERAL INFORMATION
fixed length control field 151202s9999||||xx |||||||||||||| ||und||
082 ## - DEWEY DECIMAL CLASSIFICATION NUMBER
Item number PNVM-83150
100 ## - MAIN ENTRY--PERSONAL NAME
Personal name DIXON W. FRANKLIN.
245 ## - TITLE STATEMENT
Title Darkness falls.
260 ## - PUBLICATION, DISTRIBUTION, ETC. (IMPRINT)
Name of publisher, distributor, etc POCKET BOOKS.
260 ## - PUBLICATION, DISTRIBUTION, ETC. (IMPRINT)
Date of publication, distribution, etc 1994
300 ## - PHYSICAL DESCRIPTION
Extent 155
600 ## - SUBJECT ADDED ENTRY--PERSONAL NAME
Personal name DIXON W. FRANKLIN.
630 ## - SUBJECT ADDED ENTRY--UNIFORM TITLE
Uniform title Darkness falls.
700 ## - ADDED ENTRY--PERSONAL NAME
Personal name DIXON W. FRANKLIN.
730 ## - ADDED ENTRY--UNIFORM TITLE
Uniform title Darkness falls.
942 ## - ADDED ENTRY ELEMENTS (KOHA)
Koha item type Book

No items available.